Chemistry and Physics of Carbon (Record no. 183292)

000 -LEADER
fixed length control field 00672 a2200169 4500
003 - CONTROL NUMBER IDENTIFIER
control field Nust
005 - DATE AND TIME OF LATEST TRANSACTION
control field 20221011152843.0
040 ## - CATALOGING SOURCE
Transcribing agency Nust
082 ## - DEWEY DECIMAL CLASSIFICATION NUMBER
Classification number 540,CHE
245 ## - TITLE STATEMENT
Title Chemistry and Physics of Carbon
Statement of responsibility, etc. Philip L Walker Jr (Editor)
250 ## - EDITION STATEMENT
Edition statement Vol : 6
260 ## - PUBLICATION, DISTRIBUTION, ETC.
Place of publication, distribution, etc. New York
Name of publisher, distributor, etc. Marcel Dekker
300 ## - PHYSICAL DESCRIPTION
Extent 351:p
505 ## - FORMATTED CONTENTS NOTE
Formatted contents note Physical Adsorption Of Gases And Vapors Of Graphized Carbon Blacks (Page-1), Graphitization Of Soft Carbons (Page-125), Surface Complexex On Carbons (Page-191), Effect Of Reactor Irradication On The Dynamic Mechanical Behavior Of Graphites And Carbons (Page-283).
650 ## - SUBJECT ADDED ENTRY--TOPICAL TERM
Topical term or geographic name entry element Chemistry and Physics of Carbon
9 (RLIN) 99924
942 ## - ADDED ENTRY ELEMENTS (KOHA)
Source of classification or shelving scheme
Koha item type Book
Holdings
Withdrawn status Lost status Source of classification or shelving scheme Damaged status Not for loan Permanent Location Current Location Shelving location Date acquired Full call number Barcode Date last seen Price effective from Koha item type Public note
          Military College of Signals (MCS) Military College of Signals (MCS) General Stacks 12/12/2016 540,CHE MCS20885 12/08/2016 12/12/2016 Book Almirah No.25, Shelf No.1
© 2023 Central Library, National University of Sciences and Technology. All Rights Reserved.